| 000 | 00579nam a2200169Ia 4500 | ||
|---|---|---|---|
| 008 | 110201s9999 xx 000 0 und d | ||
| 082 |
_bB5474 _aK 1888 |
||
| 100 | _aचेस जेम्स हॅडले | ||
| 245 | _aविस्तवाशी खेळ | ||
| 260 | _bनिशिगंधा प्रकाशन | ||
| 365 | _b75 | ||
| 600 | _aचेस जेम्स हॅडले | ||
| 630 | _aविस्तवाशी खेळ | ||
| 700 | _aचेस जेम्स हॅडले | ||
| 730 | _aविस्तवाशी खेळ | ||
| 942 | _cBOOK | ||
| 999 |
_c831308 _d831305 |
||